Set 1: Tft - Statistiques

Statistiques générales
  • Ce quiz a été pris 82 fois
  • Le résultat moyen est 73 sur 142
Statistiques - réponses
Hint Réponse % Correct
Chevalier | Impérial Darius
75%
Chevalier | Noble Garen
71%
Métamorphe | Sauvage | Yordle Gnar
67%
Synergie Assassin
63%
Assassin | Impérial Katarina
63%
Gardien | Noble Léona
63%
Assassin | Ninja Zed
63%
Sorcier | Yordle Lulu
62%
Pistoléro | Yordle Tristana
62%
Assassin | Ninja Akali
60%
Maitre des lames | Ninja Shen
60%
Glacial | Rôdeur Ashe
59%
Maitre des lames | Pirate | Pistoléro Gangplank
59%
Assassin | Néant Kha'Zix
59%
Métamorphe | Sauvage Nidalee
59%
Bagarreur | Néant Cho'Gath
57%
Maitre des lames | Noble Fiora
57%
Hextech | Pistoléro Jinx
57%
Elémentaliste | Ninja | Yordle Kennen
57%
Pistoléro Miss fortune
57%
Pirate Miss Fortune
57%
Synergie Sorcier
57%
Synergie Yordle
57%
Assassin | Néant | Rôdeur Kai'Sa
56%
Noble Kayle
56%
Noble | Pistoléro Lucian
56%
Dragon | Métamorphe Shyvana
56%
Démon | Impérial | Métamorphe Swain
56%
Noble | Rôdeur Vayne
56%
Bagarreur | Hextech Vi
56%
Exilé | Maitre des lames Yasuo
56%
Dragon | Sorcier Aurélion Sol
54%
Impérial | Maitre des lames Draven
54%
Démon | Métamorphe Elise
54%
Synergie Néant
54%
Bagarreur | Néant Rek'Sai
54%
Assassin | Sauvage Rengar
54%
Démon | Rôdeur Varus
54%
Sorcier | Yordle Veigar
54%
Démon | Maitre des lames Aatrox
52%
Bagarreur | Glacial Volibear
52%
Néant | Sorcier Kassadin
51%
Synergie Noble
51%
Synergie Pirate
51%
Chevalier | Yordle Poppy
51%
Gardien | Glacial Braum
49%
Synergie Démon
49%
Synergie Dragon
49%
Synergie Ninja
49%
Bagarreur | Sauvage Warwick
49%
Bagarreur | Robot Blitzcrank
48%
Synergie Impérial
48%
Hextech | Métamorphe Jayce
48%
Synergie Métamorphe
48%
Démon | Sorcier Morgana
48%
Elémentaliste | Glacial Anivia
46%
Pirate | Pistoléro Graves
46%
Fantôme | Rôdeur Kindred
46%
Synergie Gardien
44%
Fantôme | Sorcier Karthus
44%
Dragon | Gardien Panthéon
44%
Chevalier | Glacial Sejuani
44%
Sauvage | Sorcier Ahri
43%
Démon | Elémentaliste Brand
43%
Synergie Chevalier
43%
Elémentaliste | Glacial Lissandra
43%
Synergie Sauvage
43%
Pirate | Sorcier Twisted Fate
43%
Assassin | Démon Evelynn
41%
Synergie Fantôme
40%
Synergie Hextech
40%
Assassin | Pirate Pyke
40%
Synergie Elémentaliste
38%
Hextech | Maitre des lames Camille
37%
Synergie Robot
37%
Synergie Exilé
35%
Synergie Glacial
35%
Synergie Maitre des lames
32%
Synergie Pistolero
32%
Synergie Rôdeur
25%
Synergie Bagarreur
24%
Chevalier | Fantôme Morderkaiser
10%
Aucun quiz correspondant
Distribution des résultats
% des personnes avec chaque résultat
Percentile par nombre de réponses
Votre historique - résultats
Vous n’avez pas pris ce quiz